Pays ayant participés à la coupe du monde - Statistiques

Statistiques générales
  • Ce quiz a été pris 390 fois
  • Le résultat moyen est 61 sur 80
Statistiques - réponses
Nombre de Participation2 Pays % Correct
20 Allemagne
99%
16 France
99%
22 Brésil
98%
18 Italie
98%
16 Angleterre
97%
16 Espagne
97%
18 Argentine
96%
6 Australie
95%
8 Portugal
95%
4 Russie
95%
12 Suede
95%
11 Etats-Unis
94%
7 Japon
94%
2 Canada
93%
1 Chine
93%
6 Maroc
93%
17 Mexique
93%
12 Suisse
93%
14 Uruguay
93%
4 Algerie
92%
9 Chili
91%
14 Belgique
90%
11 Corée du Sud
90%
2 Nouvelle Zelande
90%
11 Pays Bas
89%
9 Pologne
89%
6 Colombie
88%
3 Norvege
88%
6 Croatie
87%
6 Tunisie
87%
5 Perou
86%
3 Afrique du Sud
85%
3 Grece
85%
6 Danemark
84%
3 Egypte
84%
9 Hongrie
84%
8 Paraguay
84%
7 Autriche
83%
3 Senegal
83%
1 Ukraine
83%
6 Arabie Saoudite
82%
2 Turquie
82%
7 Roumanie
81%
1 Slovaquie
81%
8 Cameroun
80%
4 Equateur
79%
2 Slovénie
79%
3 Bolivie
78%
6 Iran
77%
1 Islande
76%
1 Panama
76%
6 Costa Rica
75%
3 Cote d'ivoire
75%
1 Qatar
75%
1 Tchequie
75%
7 Bulgarie
74%
1 Cuba
73%
2 Corée du Nord
72%
8 Ecosse
72%
3 Honduras
72%
6 Nigeria
71%
2 Pays de Galles
70%
1 Bosnie-Herzégovine
68%
1 Irak
67%
1 Jamaique
67%
4 Ghana
66%
1 Israel
59%
1 Haïti
58%
3 Irlande du Nord
58%
2 Salvador
52%
1 Emirats arabes unis
48%
1 Togo
48%
1 Angola
40%
1 Koweit
38%
1 Trinité et Tobago
35%
8 Tchécoslovaquie
34%
1 Allemagne de l'Est
30%
1 Zaïre
24%
3 Republique d'Irlande
8%
1 Indes orientales néerlandaises
6%
Aucun quiz correspondant
Distribution des résultats
% des personnes avec chaque résultat
Percentile par nombre de réponses
Votre historique - résultats
Vous n’avez pas pris ce quiz